Cloning and Mutational Analysis of HBx Gene from the blood of HBV Infected Patients / (Record no. 534133)

000 -LEADER
fixed length control field 00507nam a22001577a 4500
020 ## - INTERNATIONAL STANDARD BOOK NUMBER
Qualifying information Hard Cover.
082 ## - DEWEY DECIMAL CLASSIFICATION NUMBER
Classification number 660.01
100 ## - MAIN ENTRY--PERSONAL NAME
Personal name Javed, Hijab
245 ## - TITLE STATEMENT
Title Cloning and Mutational Analysis of HBx Gene from the blood of HBV Infected Patients /
Statement of responsibility, etc. Hijab Javed.
260 ## - PUBLICATION, DISTRIBUTION, ETC.
Place of publication, distribution, etc. Islamabad :
Name of publisher, distributor, etc. ASAB - NUST,
Date of publication, distribution, etc. 2016.
300 ## - PHYSICAL DESCRIPTION
Dimensions 30cm.
942 ## - ADDED ENTRY ELEMENTS (KOHA)
Source of classification or shelving scheme
Koha item type Thesis
650 ## - SUBJECT ADDED ENTRY--TOPICAL TERM
Topical term or geographic name entry element Healthcare Biotechnolgy MS-Thesis.
700 ## - ADDED ENTRY--PERSONAL NAME
Personal name Dr. Hajra Sadia.
650 ## - SUBJECT ADDED ENTRY--TOPICAL TERM
-- 28279
700 ## - ADDED ENTRY--PERSONAL NAME
-- 27674
Holdings
Withdrawn status Lost status Source of classification or shelving scheme Damaged status Not for loan Permanent Location Current Location Shelving location Date acquired Total Checkouts Full call number Barcode Date last seen Price effective from Koha item type
          Central Library (CL) Central Library (CL) Thesis 02/04/2020   660.01 CL-T-4929 02/04/2020 02/04/2020 Thesis
© 2023 Central Library, National University of Sciences and Technology. All Rights Reserved.